[Event "Milan Cappello Memorial"]
[Site "Milan"]
[Date "2015.05.14"]
[Round "2"]
[White "Beccari, Paolo"]
[Black "Cantoro, Daniele"]
[Result "0-1"]
[WhiteElo "1821"]
[BlackElo "2107"]
[PlyCount "84"]
[EventDate "2015.05.12"]
[EventType "swiss"]
[EventRounds "8"]
[EventCountry "ITA"]
[SourceTitle "EXT 2017"]
[Source "ChessBase"]
[SourceDate "2016.10.25"]
[SourceVersion "1"]
[SourceVersionDate "2016.10.25"]
[SourceQuality "1"]

1. e4 c5 2. Nf3 Nc6 3. Bb5 g6 4. 0-0 Bg7 5. Re1 Nf6 6. Bxc6 dxc6 7. d3 0-0 8. h3 b6 9. Nc3 Ne8 10. Bg5 Nc7 11. Qd2 f6 12. Bh6 e5 13. Ne2 Ne6 14. Bxg7 Kxg7 15. Rad1 Nd4 16. Nfxd4 cxd4 17. f4 Be6 18. Rf1 Qe7 19. Ng3 a5 20. f5 Bxa2 21. Qe2 g5 22. h4 gxh4 23. Qg4+ Kh8 24. Qxh4 Rg8 25. Nh5 Rg5 26. Rf3 Rag8 27. Rg3 Bf7 28. Rxg5 Rxg5 29. Ng3 Qf8 30. Kf2 Qg7 31. Rh1 Kg8 32. Rh2 h5 33. Ne2 Rg4 34. Qh3 Qg5 35. Ke1 a4 36. Kd1 b5 37. Qf3 b4 38. Nc1 a3 39. b3 Rf4 40. Qe2 h4 41. Rh3 Bh5 42. g4 Bxg4 0-1

[Event "Milan Molinari Memorial 7th"]
[Site "Milan"]
[Date "2013.10.31"]
[Round "1"]
[White "Bemporad, Filippo"]
[Black "Beccari, Paolo"]
[Result "1/2-1/2"]
[WhiteElo "2026"]
[BlackElo "1789"]
[PlyCount "74"]
[EventDate "2013.10.31"]
[EventType "swiss"]
[EventRounds "6"]
[EventCountry "ITA"]
[SourceTitle "EXT 2015"]
[Source "ChessBase"]
[SourceDate "2014.11.20"]
[SourceVersion "1"]
[SourceVersionDate "2014.11.20"]
[SourceQuality "1"]

1. d4 Nf6 2. Nf3 e6 3. g3 d5 4. Bg2 Nbd7 5. 0-0 Be7 6. c4 0-0 7. Nc3 c6 8. Nd2 Re8 9. e4 dxe4 10. Ndxe4 Nxe4 11. Nxe4 Nf6 12. Nc3 h6 13. Bf4 Bd6 14. Be5 c5 15. Nb5 Bxe5 16. dxe5 Nd7 17. Qd6 Rf8 18. Rfd1 a6 19. Nc3 Ra7 20. Rd2 b6 21. f4 Qc7 22. Rad1 Qxd6 23. Rxd6 Re8 24. Bc6 Re7 25. Na4 Nf8 26. Nxb6 Bb7 27. Na4 Rc7 28. Bxb7 Rcxb7 29. Nxc5 Rxb2 30. Rd8 Rc7 31. Nd7 Rxc4 32. Nxf8 Rcc2 33. Ng6+ Kh7 34. Nh4 Rxh2 35. R8d3 Rxa2 36. Nf3 Rag2+ 37. Kf1 Rf2+ 1/2-1/2

[Event "Milan SSM op"]
[Site "Milan"]
[Date "2013.07.07"]
[Round "4"]
[White "Gori, Andrea"]
[Black "Beccari, Paolo"]
[Result "1-0"]
[WhiteElo "2075"]
[BlackElo "1795"]
[PlyCount "77"]
[EventDate "2013.07.04"]
[EventType "swiss"]
[EventRounds "5"]
[EventCountry "ITA"]
[SourceTitle "EXT 2015"]
[Source "ChessBase"]
[SourceDate "2014.11.20"]
[SourceVersion "1"]
[SourceVersionDate "2014.11.20"]
[SourceQuality "1"]

1. e4 c5 2. Nc3 Nc6 3. f4 g6 4. Nf3 Bg7 5. Bb5 Nd4 6. 0-0 a6 7. Bc4 e6 8. d3 d5 9. Bb3 Ne7 10. e5 0-0 11. Ne2 Nxf3+ 12. Rxf3 b5 13. c3 c4 14. Bc2 cxd3 15. Qxd3 Bb7 16. Nd4 Nc6 17. Be3 Nxd4 18. Bxd4 Qh4 19. Raf1 f5 20. Rh3 Qe7 21. g4 a5 22. Rf2 b4 23. Qe3 Rfc8 24. gxf5 exf5 25. Rd2 a4 26. Kf2 b3 27. axb3 axb3 28. Bxb3 Ra6 29. Qe2 Kh8 30. Qb5 Ra1 31. Bxd5 Ba6 32. Qb6 g5 33. c4 gxf4 34. Qg6 h6 35. Rxh6+ Bxh6 36. Qxh6+ Qh7 37. e6+ Kg8 38. e7+ Qf7 39. Qg7# 1-0

[Event "Milan Repubblica op"]
[Site "Milan"]
[Date "2012.05.31"]
[Round "1"]
[White "Beccari, Paolo"]
[Black "Virzi, Ettore"]
[Result "1/2-1/2"]
[WhiteElo "1807"]
[BlackElo "1943"]
[PlyCount "64"]
[EventDate "2012.05.31"]
[EventType "swiss"]
[EventRounds "6"]
[EventCountry "ITA"]
[SourceTitle "EXT 2015"]
[Source "ChessBase"]
[SourceDate "2014.11.20"]
[SourceVersion "1"]
[SourceVersionDate "2014.11.20"]
[SourceQuality "1"]

1. e4 e5 2. Nf3 Nc6 3. Bb5 a6 4. Ba4 Nf6 5. 0-0 b5 6. Bb3 Bc5 7. d3 0-0 8. a4 Rb8 9. Nc3 h6 10. a5 d6 11. h3 Bb7 12. Nd5 Nxd5 13. Bxd5 Qf6 14. Be3 Ne7 15. Bxb7 Rxb7 16. Bxc5 dxc5 17. Nd2 Qd6 18. Qe2 Rbb8 19. Nb3 Nc6 20. c3 b4 21. Qc2 Rb5 22. Rfd1 bxc3 23. bxc3 Rfb8 24. Nd2 Nxa5 25. Rxa5 Rb2 26. Qa4 Qxd3 27. Nc4 Rb1 28. Rxb1 Rxb1+ 29. Kh2 Qxc3 30. Rxa6 Rh1+ 31. Kxh1 Qc1+ 32. Kh2 Qf4+ 1/2-1/2